Which Song Came First Randomized - Statistics

General Stats
  • This quiz has been taken 123 times
  • The average score is 6 of 10
Answer Stats
Question Answer % Correct
Which Song Came First? American Idiot-Green Day
100%
Which Song Came First? Bad Company-Bad Company
100%
Which Song Came First? Basket Case-Green Day
100%
Which Song Came First? Comfortably Numb-Pink Floyd
100%
Which Song Came First? Enter Sandman-Metallica
100%
Which Song Came First? Everlong-Foo Fighters
100%
Which Song Came First? Hound Dog-Elvis Presley
100%
Which Song Came First? House Of The Rising Sun-The Animals
100%
Which Song Came First? Le Freak-Chic
100%
Which Song Came First? Mr. Jones-Counting Crows
100%
Which Song Came First? November Rain-Guns N' Roses
100%
Which Song Came First? Semi-Charmed Life-Third Eye Blind
100%
Which Song Came First? Thunderstruck-AC/DC
100%
Which Song Came First? What Is Love-Haddaway
100%
Which Song Came First? You Spin Me Round (Like A Record)-Dead Or Alive
100%
Which Song Came First? Heart Of Gold-Neil Young
86%
Which Song Came First? Bridge Over Troubled Water-Simon And Garfunkel
83%
Which Song Came First? Bad Romance-Lady Gaga
80%
Which Song Came First? Despacito-Luis Fonsi
80%
Which Song Came First? Nothing Compares 2 U-Sinead O'Connor
80%
Which Song Came First? The Middle-Jimmy Eat World
80%
Which Song Came First? Ain't No Mountain High Enough-Marvin Gaye
75%
Which Song Came First? Free Bird-Lynard Skynard
75%
Which Song Came First? Wrecking Ball-Miley Cyrus
75%
Which Song Came First? The Kids Aren't Alright-The Offspring
71%
Which Song Came First? Down Under-Men At Work
67%
Which Song Came First? Good Vibrations-Beach Boys
67%
Which Song Came First Heat Waves-Glass Animals
67%
Which Song Came First? Hungry Eyes-Eric Carmen
67%
Which Song Came First? Imagine-John Lennon
67%
Which Song Came First? In The End-Linkin Park
67%
Which Song Came First? Jessie's Girl-Rick Springfield
67%
Which Song Came First? Karma Chameleon-Culture Club
67%
Which Song Came First? Losing My Religion-R.E.M.
67%
Which Song Came First? November Rain-Guns N' Roses
67%
Which Song Came First? Payphone-Maroon 5
67%
Which Song Came First? Rap God-Eminem
67%
Which Song Came First? Rolling In The Deep-Adele
67%
Which Song Came First? Shut Up And Dance-Walk The Moon
67%
Which Song Came First? Tonight, Tonight-Smashing Pumpkins
67%
Which Song Came First? Toxic-Britney Spears
67%
Which Song Came First? Wannabe-Spice Girls
67%
Which Song Came First? When Can I See You Again-Owl City
67%
Which Song Came First? All I Want For Christmas Is You-Mariah Carey
63%
Which Song Came First? Hey Ya-OutKast
63%
Which Song Came First? Blitzkrieg Bop-Ramones
60%
Which Song Came First? She Loves You-The Beatles
60%
Which Song Came First? Under Pressure-Queen (David Bowie)
57%
Which Song Came First? Detroit Rock City-Kiss
50%
Which Song Came First? Dynamite-Taio Cruz
50%
Which Song Came First? Eye Of The Tiger-Survivor
50%
Which Song Came First? Havana-Camila Cabello
50%
Which Song Came First? (I Can't Get No) Satisfaction-Rolling Stones
50%
Which Song Came First? Johnny B. Goode
50%
Which Song Came First? School's Out-Alice Cooper
50%
Which Song Came First? Seven Nation Army-White Stripes
50%
Which Song Came First? Somebody That I Used To Know-Gotye
50%
Which Song Came First Still Into You-Paramore
50%
Which Song Came First? Thriller-Michael Jackson
50%
Which Song Came First? Wannabe-Spice Girls
50%
Which Song Came First? Baby-Justin Beiber
40%
Which Song Came First? Bed Of Roses-Bon Jovi
40%
Which Song Came First? Dancing Queen-ABBA
40%
Which Song Came First? Let's Groove-Earth, Wind, And Fire
40%
Which Song Came First? Panama-Van Halen
40%
Which Song Came First? Tom Sawyer-Rush
40%
Which Song Came First? You Give Love A Bad Name-Bon Jovi
40%
Which Song Came First? Just A Girl-No Doubt
33%
Which Song Came First? On The Floor-Jennifer Lopez
33%
Which Song Came First? Paradise By The Dashboard Light-Meat Loaf
33%
Which Song Came First? Respect-Aretha Franklin
33%
Which Song Came First? Stolen Dance-Milky Chance
33%
Which Song Came First? Take On Me-A-Ha
33%
Which Song Came First? Turn! Turn! Turn!-The Byrds
33%
Which Song Came First? Wonderwall-Oasis
33%
Which Song Came First? All Along The Watchtower-Jimi Hendrix
25%
Which Song Came First? Centuries-Fall Out Boy
25%
Which Song Came First? Clint Eastwood-Gorillaz
25%
Which Song Came First? Creep-Radiohead
25%
Which Song Came First? Dancing In The Dark-Bruce Springsteen
25%
Which Song Came First? Every Little Thing She Does Is Magic-The Police
25%
Which Song Came First? Do They Know It's Christmas-Band Aid
20%
Which Song Came First? More Than A Feeling-Boston
20%
Which Song Came First? No Rain-Blind Melon
20%
Which Song Came First? The Sound Of Silence-Simon And Garfunkel
20%
Which Song Came First? Born To Be Wild-Steppenwolf
17%
Which Song Came First? Yellow-Coldplay
17%
Which Song Came First? In-A-Gadda-Da-Vida-Iron Butterfly
14%
Which Song Came First? Beat It-Michael Jackson
0%
Which Song Came First? Come On Eileen-Dexy's Midnight Runners
0%
Which Song Came First? Danger Zone-Kenny Loggins
0%
Which Song Came First? Dream On-Aerosmith
0%
Which Song Came First? Gloria-Laura Brannigan
0%
Which Song Came First? Layla-Derek And The Dominos
0%
Which Song Came First? Replay-Iyaz
0%
Which Song Came First? September-Earth, Wind, And Fire
0%
No matching quizzes found
Score Distribution
Percent of People with Each Score
Percentile by Number Answered
Your Score History
You have not taken this quiz